Guardiola canta : un segle de música i cançons a Guardiola de Berguedà / [redacció: M. Carme Cabra i Vilalta ... [et al.]] un segle de música i cançons a Guardiola de Berguedà / [redacció:
ISBN:
84-606-3020-X
Descripción Física:
181 p. : il., fot. ; 23 cm
Colección:
Col·lecció recull ; 1
Otros Autores:
Cabra i Vilalta, M. Carme
MARC
| LEADER | 00000nam a2200000Ia 4500 | ||
|---|---|---|---|
| 001 | 14387 | ||
| 008 | 160829s2000 xx 000 0 cat d | ||
| 020 | |a 84-606-3020-X | ||
| 080 | |a B-2-16 | ||
| 245 | |a Guardiola canta : |b un segle de música i cançons a Guardiola de Berguedà / [redacció: |b M. Carme Cabra i Vilalta ... [et al.]] | ||
| 260 | |a Guardiola de Berguedà : |b Ajuntament de Guardiola de Berguedà, |c 2000 | ||
| 300 | |a 181 p. : |b il., fot. ; |c 23 cm | ||
| 490 | |a Col·lecció recull ; 1 | ||
| 590 | |a Dedicatòria manuscrita de l'alcalde de Guardiola de Berguedà, el Sr. Ignasi Costa i Amills. | ||
| 590 | |a Bibliografia | ||
| 650 | |a Cant coral |x Guardiola de Berguedà |x Història |9 28109 | ||
| 700 | |a Cabra i Vilalta, M. Carme |9 28110 | ||
| 710 | 1 | |a Guardiola de Berguedà (Catalunya). |b Ajuntament |9 52727 | |
| 901 | |a Arxiu | ||
| 942 | |n 1 | ||
| 952 | |0 0 |1 0 |4 0 |6 B216 |7 1 |9 44676 |a Arxiu |b Arxiu |d 2016-12-01 |l 0 |o B-2-16 |p 14387 |r 2016-12-01 00:00:00 |w 2016-12-01 |y ARXIU | ||
| 999 | |c 47257 |d 47257 | ||